|
|
|
|
| LEADER |
01040cam a2200265 7i4500 |
| 001 |
0000066708 |
| 005 |
20220303090000.0 |
| 020 |
|
|
|a 9783527805457 (electronic book)
|
| 020 |
|
|
|a 9783527805433 (electronic book)
|
| 090 |
0 |
0 |
|a QD382.P64
|b P69 2020
|
| 245 |
0 |
0 |
|a Polymer electrolytes :
|b characterization techniques and energy applications
|c edited by Tan Winie, Abdul K. Arof, and Sabu Thomas.
|
| 264 |
|
|
|a Weinheim, Germany:
|b Wiley-VCH Verlag,
|c 2020.
|
| 300 |
|
|
|a 1 online resource (xiii, 401 pages):
|b colour illustrations, text file, PDF.
|
| 336 |
|
|
|a text
|2 rdacontent
|
| 337 |
|
|
|a computer
|2 rdamedia
|
| 338 |
|
|
|a online resource
|2 rdacarrier
|
| 650 |
|
0 |
|a Polyelectrolytes
|
| 655 |
|
0 |
|a Electronic books
|
| 700 |
1 |
|
|a Winie, Tan
|
| 700 |
1 |
|
|a Arof, Abdul K.
|
| 700 |
1 |
|
|a Thomas, Sabu
|
| 856 |
4 |
2 |
|u http://library.unisel.edu.my/web/guest/mylibrary
|
| 997 |
|
|
|a Engineering & Life Sciences, Faculty
|b Engineering, Department
|
| 998 |
|
|
|a Mechanical Engineering, Degree
|
| 999 |
|
|
|a EBO0011237
|b EBOOK
|c EBOOK
|e Electronic resources
|